00494 2200193 4500001002100000005001500021035002000036008004100056245003400097100001800131260003600149300001300185020001800198084001600216082000800232650002000240990001900260990002100279INLIS00000000000148320240813104234 a0010-0724001483240813 0 ind 1 aSalah Asuhan /cAbdoelm Moeis aAbdoelm Moeis aJakarta :bBalai Pustaka,c2009 a273 hlm. a979-407-064-5 a813.2 ABD s a813 4aFiksi Indonesia aP29/CP/24/1483 aP29/CP/24/1483.1